| 000 | 00737nam a22002297a 4500 | ||
|---|---|---|---|
| 003 | DO-SdBNP | ||
| 005 | 20210826154315.0 | ||
| 007 | ta | ||
| 008 | 210826e2018 dr ||||gr|||| 001 0 spa d | ||
| 020 | _a9788487082719 | ||
| 040 |
_aDO-SdBNP _bspa _cBNPHU |
||
| 041 | _hspa | ||
| 082 | _bA398p | ||
| 245 | 0 | 0 |
_aAlianzas público-privadas par el desarrollo en República Dominicana : _baportes para su desarrollo eficaz |
| 260 |
_aSanto Domingo : _bCIDEAL, _bIDDI, _c2018 |
||
| 300 |
_a182 p.; _c25 cm |
||
| 504 | _aBiografía, p. 175-178 | ||
| 590 | _aInventariado 2021 / MF | ||
| 710 | 2 | 2 |
_aFundación CIDEAL de Cooperación e Investigación. _979598 |
| 710 | 2 | 2 |
_aInstituto Dominicano de Desarrollo Integral. _979599 |
| 942 |
_2ddc _cLBS1 |
||
| 999 |
_c50299 _d50299 |
||